[Event "16th HZ Open"]
[Site "Vlissingen NED"]
[Date "2012.08.05"]
[Round "2"]
[White "Roorda,T"]
[Black "Geirnaert,S"]
[Result "1-0"]
[WhiteElo "2061"]
[BlackElo "2407"]

1.d4 Nf6 2.c4 e6 3.Nf3 b6 4.a3 Bb7 5.Nc3 Ne4 6.Qc2 Nxc3 7.Qxc3 c5 8.Bf4 cxd4
9.Nxd4 f6 10.Bg3 e5 11.Nc2 Na6 12.f3 d5 13.Rd1 d4 14.Qd2 Be7 15.e3 dxe3 16.Nxe3 O-O
17.Nf5 Re8 18.Qd7 Bc8 19.Qa4 Bxf5 20.Rxd8 Raxd8 21.Qxa6 e4 22.f4 e3 23.Be2 Rd2
24.Qb5 Bd7 25.Qh5 g6 26.Qf3 h5 27.b3 Bf5 28.b4 Bd6 29.Qc6 Rc8 30.Qb7 Ra2
31.Qd5+  1-0

[Event "16th HZ Open"]
[Site "Vlissingen NED"]
[Date "2012.08.06"]
[Round "4"]
[White "Esen,B"]
[Black "Mostertman,M"]
[Result "1-0"]
[WhiteElo "2587"]
[BlackElo "2247"]

1.d4 Nf6 2.Nf3 e6 3.c4 b6 4.a3 Ba6 5.Qc2 Bb7 6.Nc3 c5 7.e4 cxd4 8.Nxd4 d6
9.Be2 Nc6 10.Nf3 Be7 11.Bf4 O-O 12.Rd1 Qb8 13.O-O Ne5 14.Nd2 Qc7 15.h3 Rac8
16.Bg3 Nc6 17.Nb3 Ne5 18.Nd2 Nc6 19.Qb1 Nd4 20.Bd3 Nd7 21.Rfe1 Nc5 22.Bf1 e5
23.f3 Qd8 24.b4 Nce6 25.Nb3 Bh4 26.Bxh4 Qxh4 27.Nxd4 Nxd4 28.Nb5 Nxb5 29.cxb5 Rfd8
30.Qb3 d5 31.exd5 Bxd5 32.Qe3 f6 33.Rd2 Be6 34.f4 Rxd2 35.Qxd2 Qg3 36.fxe5 fxe5
37.Qd6 Bc4 38.Qd7  1-0

[Event "10th EU U14 2012"]
[Site "Mureck AUT"]
[Date "2012.08.07"]
[Round "7.6"]
[White "Huber,Mart AUT"]
[Black "Fuskova,M"]
[Result "1-0"]
[WhiteElo "2185"]
[BlackElo "1752"]

1.d4 Nf6 2.c4 e6 3.Nf3 b6 4.a3 Bb7 5.Nc3 Be7 6.Qc2 d5 7.cxd5 exd5 8.Bf4 Nh5
9.Be5 Bf6 10.e3 Bxe5 11.dxe5 g6 12.Rd1 c6 13.e4 Qc8 14.exd5 cxd5 15.Bb5+ Nd7
16.Qd2 a6 17.Bxd7+ Qxd7 18.Qh6 O-O-O 19.O-O f6 20.exf6 Nxf6 21.Qf4 Rhf8 22.Rc1 Bc6
23.Ne5 Qd6 24.Nb5  1-0

[Event "FSIMA August 2012"]
[Site "Budapest HUN"]
[Date "2012.08.13"]
[Round "10.1"]
[White "Szeberenyi,A"]
[Black "Lengyel,B"]
[Result "1-0"]
[WhiteElo "2334"]
[BlackElo "2258"]

1.d4 Nf6 2.Nf3 e6 3.c4 b6 4.a3 Bb7 5.Nc3 d5 6.Bg5 Be7 7.Bxf6 Bxf6 8.cxd5 exd5
9.Qb3 O-O 10.Rd1 c6 11.g3 Nd7 12.Bg2 Re8 13.O-O Nf8 14.e3 Qe7 15.Rd2 g6 16.Rc1 Rad8
17.Qa4 a6 18.Qb3 b5 19.Ne2 g5 20.Ne1 Nd7 21.Nd3 Nb6 22.Qd1 Nc4 23.Rdc2 Bc8
24.b3 Nxe3 25.fxe3 Qxe3+ 26.Nf2 Bg4 27.Rc3 Bxe2 28.Rxe3 Bxd1 29.Rxe8+ Rxe8
30.Rxd1 Re2 31.Ng4 Bg7 32.Ne5 Bxe5 33.dxe5 Rxe5 34.Rc1 Re6 35.Bh3 Rd6 36.Bc8 d4
37.Bxa6 d3 38.Rd1 d2 39.Kf2 Rd7 40.a4 bxa4 41.bxa4 Ra7 42.Be2 Rxa4 43.Rxd2 Ra7
44.Rc2 Rc7 45.Rc5 h6 46.Bf3 Kg7 47.Rxc6 Rd7 48.Be2 Rd2 49.Rc7 Rd6 50.Bc4 Rf6+
51.Kg2 Rf5 52.Ra7 Rf6 53.Kh3 h5 54.Ra5 Kh6 55.Kg2 Kg6 56.Bd3+ Kh6 57.h3 Rd6
58.Ra6 Rxa6 59.Bxa6 f5 60.Bd3 h4 61.g4 fxg4 62.hxg4  1-0

[Event "Husek Vienna Open A"]
[Site "Vienna AUT"]
[Date "2012.08.13"]
[Round "1"]
[White "Szabolcsi,J"]
[Black "Lamb,H"]
[Result "1-0"]
[WhiteElo "2385"]
[BlackElo "2063"]

1.d4 Nf6 2.c4 e6 3.Nf3 b6 4.a3 Be7 5.Nc3 O-O 6.e4 Bb7 7.Bd3 d5 8.e5 Ne4 9.Qc2 Nxc3
10.Bxh7+ Kh8 11.bxc3 dxc4 12.Be4 Bd5 13.h4 Bxe4 14.Qxe4 Qd5 15.Qg4 f5 16.Qh5+ Kg8
17.Ng5 Bxg5 18.hxg5 Qe4+ 19.Be3 Qg4 20.Qxg4 fxg4 21.Ke2 Kf7 22.Rh4 Kg6 23.Rxg4 Rh8
24.Rd1 Nc6 25.d5 Nxe5 26.Re4 Nd3 27.Rxe6+ Kf7 28.g6+ Kf8 29.Rc6 Re8 30.Rxc4  1-0

[Event "25th Panevezys Open"]
[Site "Panevezys LTU"]
[Date "2012.08.14"]
[Round "2.4"]
[White "Zebelis,R"]
[Black "Klabis,R"]
[Result "1/2-1/2"]
[WhiteElo "1921"]
[BlackElo "2126"]

1.d4 Nf6 2.Nf3 e6 3.c4 b6 4.a3 Be7 5.g3 Ba6 6.Qc2 O-O 7.Bg2 c6 8.O-O d5 9.b3 Nbd7
10.Re1 Rc8 11.Nbd2 c5 12.e3 b5 13.dxc5 Nxc5 14.b4 Na4 15.c5 Nd7 16.Qd3 Bf6
17.Ra2 Ndxc5 18.bxc5 Nxc5 19.Qb1 b4 20.Bf1 b3 21.Nxb3 Bxf1 22.Rxf1 Rb8 23.Nfd2 Nxb3
24.Nxb3 Qb6 25.Bd2 Qxb3 26.Qxb3 Rxb3 27.Rc1 h6 28.Rc7 Ra8 29.a4 Be5 30.Rc6 Rab8
31.a5 g5 32.f4 Bg7 33.Kf2 d4 34.e4 gxf4 35.gxf4 Bf6 36.Rc7 Bh4+ 37.Ke2 Rh3
38.Rd7 Rxh2+ 39.Kd3 Bf2 40.Rxa7 Rc8 41.Rb7 Be3 42.Rbb2 e5 43.fxe5 Bxd2 44.Rxd2 Rc3+
45.Kxd4 Rxd2+ 46.Rxd2 Ra3 47.a6 Rxa6 48.Ke3  1/2-1/2

[Event "LBV Open A 2012"]
[Site "Roosendaal NED"]
[Date "2012.08.17"]
[Round "2.19"]
[White "Vereggen,L"]
[Black "Kampman,T"]
[Result "0-1"]
[WhiteElo "2043"]
[BlackElo "2114"]

1.d4 e6 2.c4 Nf6 3.Nf3 b6 4.a3 Bb7 5.Nc3 d5 6.cxd5 exd5 7.Bf4 a6 8.e3 Nbd7
9.Bd3 Be7 10.O-O O-O 11.h3 c5 12.Rc1 b5 13.dxc5 Nxc5 14.Nd4 g6 15.Be2 Qb6
16.Bf3 Rfd8 17.Qd2 Nfe4 18.Qe2 Bf6 19.Rfd1 Bxd4 20.exd4 Nb3 21.Rb1 Nxd4 22.Qe3 Nxf3+
23.Qxf3 Nxc3 24.bxc3 d4 25.Qg3 dxc3 26.Qxc3 Rac8 27.Rxd8+ Qxd8 28.Qe5 Qd5
29.Qxd5 Bxd5 30.Rd1 Be6 31.Be5 Kf8 32.Rd6 Ra8 33.Bf6 Ke8 34.Kf1 a5 35.Rb6 Kd7
36.Ke1 Bc4 37.Be5 Re8 38.f4 Re6 39.Rb7+ Kc6 40.Ra7 Kb6 41.Rd7 b4 42.axb4 axb4
43.Kd2 Rc6 44.g4 Kb5 45.g5 Ka4 46.h4 Kb3 47.Ra7 Be6 48.Rb7 Rc2+ 49.Ke3 Rc4
50.Bd6 Kc3 51.Rb6 b3 52.Rb8 Kc2 53.Rb6 b2  0-1

[Event "25th Panevezys Open"]
[Site "Panevezys LTU"]
[Date "2012.08.18"]
[Round "8.21"]
[White "Strigunas,Rytis"]
[Black "Jankevicius,Nedas"]
[Result "1-0"]
[WhiteElo "1636"]
[BlackElo "1593"]

1.d4 Nf6 2.c4 e6 3.Nf3 b6 4.a3 Bb7 5.Nc3 Be7 6.Qc2 O-O 7.e4 d6 8.Bd3 h6 9.O-O Nbd7
10.Re1 e5 11.d5 Kh7 12.b4 a5 13.Bd2 Rg8 14.Ne2 axb4 15.axb4 g5 16.Ng3 Ne8
17.h3 Ndf6 18.Nf5 Ng7 19.Rxa8 Qxa8 20.Nxe7 Re8 21.Nf5 Nxf5 22.exf5 Kg7 23.Be4 Nh5
24.g3 Nf6 25.Qc1 Nxe4 26.Rxe4 f6 27.b5 Bc8 28.g4 Bd7 29.h4 Rh8 30.hxg5 hxg5
31.Bxg5 Qg8 32.Bxf6+ Kxf6 33.g5+ Kg7 34.Nh4 Rh5 35.Qe3 Kf7 36.Rg4 Qh8 37.Qg3 Bc8
38.g6+ Kf6 39.g7 Qg8 40.Rg6+ Kf7 41.Qg4 Rh7 42.Qg5 Rxg7 43.Qf6+  1-0

[Event "21st Feffernitz Open"]
[Site "Feffernitz AUT"]
[Date "2012.08.20"]
[Round "3.14"]
[White "Imperor,M"]
[Black "Teuchert,S"]
[Result "1-0"]
[WhiteElo "1940"]
[BlackElo "1941"]

1.d4 Nf6 2.Nf3 e6 3.c4 b6 4.a3 Bb7 5.Nc3 Be7 6.d5 exd5 7.cxd5 O-O 8.e4 d6
9.Bd3 Nbd7 10.O-O Ne5 11.Nxe5 dxe5 12.Be3 c6 13.dxc6 Bxc6 14.Qe2 Qd7 15.Rfd1 Qg4
16.f3 Qg6 17.Bb5 Bxb5 18.Qxb5 Rac8 19.Qxe5 Bc5 20.Bxc5 Rxc5 21.Qg3 Qxg3 22.hxg3 Rfc8
23.Rd2 Kf8 24.Rad1 Ke7 25.Kf2 R8c7 26.Ke3 Rd7 27.Rxd7+ Nxd7 28.f4 f6 29.g4 h6
30.Rd3 Ke8 31.Rd5 Ke7 32.Rxc5 Nxc5 33.b4 Nb3 34.Kd3 Kd7 35.Nd5 Kc6 36.Ne7+ Kb5
37.Nf5 Ka4 38.e5 fxe5 39.fxe5 Kxa3 40.e6 Kxb4 41.e7 Nc5+ 42.Kc2  1-0

[Event "ch-FRA w 2012"]
[Site "Pau FRA"]
[Date "2012.08.20"]
[Round "6"]
[White "Maisuradze,N"]
[Black "Milliet,S"]
[Result "0-1"]
[WhiteElo "2284"]
[BlackElo "2411"]

1.d4 Nf6 2.c4 e6 3.Nf3 b6 4.a3 Bb7 5.Nc3 d5 6.Bg5 Be7 7.e3 O-O 8.Rc1 Nbd7
9.cxd5 exd5 10.Bd3 c5 11.O-O Ne4 12.Bxe7 Qxe7 13.dxc5 bxc5 14.Re1 f5 15.b4 c4
16.Bf1 Ndf6 17.Nd4 Nxc3 18.Rxc3 Ne4 19.Rc2 a5 20.f3 Nd6 21.b5 Nc8 22.e4 fxe4
23.fxe4 dxe4 24.Bxc4+ Kh8 25.Ne6 Nb6 26.Nxf8 Qc5+ 27.Kh1 Rxf8 28.Rf1 Rb8
29.Be2 Qe5 30.Rd2 Bd5 31.Qe1 h6 32.Qg3 Qxg3 33.hxg3 Rc8 34.Rfd1 Rc5 35.Kg1 Kh7
36.Kf2 Kg6 37.g4 Kf6 38.Rd4 Ke5 39.g3 Rc3 40.Kg2 Rxa3 41.Kh3 Rc3 42.R4d2 a4
43.Bf1 a3 44.Ra1 e3 45.Rd3 Rxd3 46.Bxd3 a2 47.g5 Kd4 48.gxh6 gxh6 49.Bb1 axb1=Q
50.Rxb1 e2 51.g4 Ke3 52.Kg3 Be4 53.Ra1 Nd5 54.g5 hxg5 55.Kg4 Nc3 56.Re1 Nxb5
57.Kxg5 Nd4 58.Rxe2+ Nxe2 59.Kg4 Nd4 60.Kg5 Bf5 61.Kf6 Ke4 62.Ke7 Ke5 63.Kf7 Nc6
64.Kg7 Be4 65.Kf7 Kf5 66.Kg7 Ne5 67.Kg8 Kf6 68.Kh8 Nf7+ 69.Kg8 Bf5 70.Kf8 Bh7
71.Ke8 Ne5 72.Kd8 Ke6 73.Kc7 Nd7 74.Kc6 Bd3 75.Kc7 Bb5 76.Kd8 Nf6 77.Kc8 Ke7
78.Kb7 Nd5 79.Kc8 Ba6+ 80.Kb8 Kd7 81.Ka7 Bc8 82.Kb8 Nb4 83.Ka7 Kc7 84.Ka8 Bb7+  0-1

[Event "11th Lichtenberger Sommer 2012"]
[Site "Berlin GER"]
[Date "2012.08.21"]
[Round "4.11"]
[White "Krefenstein,Sergej"]
[Black "Glantz,R"]
[Result "1/2-1/2"]
[WhiteElo "2062"]
[BlackElo "2282"]

1.d4 Nf6 2.c4 e6 3.Nf3 b6 4.a3 Bb7 5.Nc3 d5 6.cxd5 Nxd5 7.e3 g6 8.Bb5+ c6
9.Bd3 Bg7 10.O-O O-O 11.Qe2 c5 12.Nxd5 exd5 13.dxc5 bxc5 14.Rd1 Qb6 15.Rb1 Nc6
16.Bd2 Rfe8 17.Qf1 Rad8 18.Bc3 d4 19.exd4 cxd4 20.Bd2 Ne7 21.Ng5 h6 22.Ne4 Nf5
23.Re1 Nh4 24.f3 Nf5 25.b4 Ne3 26.Qf2 f5 27.Nc5 Ba8 28.Qg3 Be5 29.Qh4 Kg7
30.Kh1 Qd6 31.Bb5 g5 32.Qf2 Bxh2 33.Bxe8 Bg3 34.Bxe3 Rxe8 35.Bxd4+ Kf7 36.Qa2+ Bd5
37.Qd2 Rxe1+ 38.Rxe1 Qg6 39.Bf2 Qh5+ 40.Kg1 Qh2+ 41.Kf1 Bc4+ 42.Nd3 Qh1+
43.Ke2 Qxg2 44.Rf1 g4 45.Ke1 Qxf3 46.Bxg3 Qxg3+ 47.Ke2 Qg2+ 48.Rf2 Qe4+ 49.Kd1 Bxd3
50.Qxh6 g3 51.Qh7+ Kf6 52.Qh6+ Kf7 53.Qh7+ Kf6 54.Qh6+ Kf7 55.Qh7+ Kf6 56.Qh6+ Kf7  1/2-1/2

[Event "11th Lichtenberger Sommer 2012"]
[Site "Berlin GER"]
[Date "2012.08.22"]
[Round "5.35"]
[White "Tiemer,Klaus"]
[Black "Zschaebitz,K"]
[Result "0-1"]
[WhiteElo "1963"]
[BlackElo "2077"]

1.Nf3 Nf6 2.d4 e6 3.c4 b6 4.a3 Bb7 5.Nc3 d5 6.cxd5 Nxd5 7.Qc2 c5 8.dxc5 Bxc5
9.e4 Nxc3 10.Qxc3 O-O 11.b4 Be7 12.Bb2 Bf6 13.e5 Be7 14.Be2 Na6 15.Rd1 Qc8
16.Qe3 Nc7 17.O-O Nd5 18.Qb3 Nf4 19.Bc4 Bd5 20.Bxd5 Nxd5 21.Nd4 Qb7 22.f4 a5
23.b5 a4 24.Qh3 Bc5 25.Kh1 Ne7 26.f5 Bxd4 27.Rxd4 Nxf5 28.Rg4 Rfd8 29.Bc1 Qd5
30.Bb2 Qxb5  0-1

[Event "12th ch-Euro Seniors"]
[Site "Kaunas LTU"]
[Date "2012.08.22"]
[Round "5.7"]
[White "Hohler,P"]
[Black "Karasev,Vl"]
[Result "1-0"]
[WhiteElo "2201"]
[BlackElo "2380"]

1.d4 Nf6 2.c4 e6 3.Nf3 b6 4.a3 Bb7 5.Nc3 d5 6.cxd5 exd5 7.Bg5 Be7 8.Bxf6 Bxf6
9.Qb3 O-O 10.Rd1 c6 11.e3 Re8 12.Be2 Na6 13.O-O Nc7 14.a4 Qd6 15.a5 b5 16.Ne1 Ne6
17.Nc2 a6 18.Nb4 Bd8 19.Ra1 Bc7 20.g3 c5 21.dxc5 Nxc5 22.Qd1 Rad8 23.Bf3 d4
24.exd4 Bxf3 25.Qxf3 Nb3 26.Nxb5 Qxb4 27.Nxc7 Nxa1 28.Nxe8 Nb3 29.Qe3 Nxa5
30.Nxg7 Qb5 31.Qh6 Qc6 32.Qg5 f6 33.Qg4 Kh8 34.Nf5 Qc7 35.Re1 Qf7 36.Re7 Qg6
37.Qxg6 hxg6 38.Nh4 g5 39.Nf5 Rd5 40.g4 Nc6 41.Re4 Kh7 42.Kg2 a5 43.Re3 Rd7
44.Re6 Nxd4 45.Rxf6 Ne2 46.Rh6+ Kg8 47.Rg6+ Kf8 48.Rxg5 Nf4+ 49.Kf3 Ne6 50.Rh5 Rd3+
51.Ne3 a4 52.Ra5 Rd4 53.h4 Rb4 54.h5 Nd4+ 55.Kg3 Nc6 56.Ra8+ Kf7 57.h6 Nb8
58.g5 Kg6 59.f4 Rb7 60.Rxa4 Kh5 61.Re4 Nc6 62.Nf5 Rb3+ 63.Re3 Rb7 64.Ng7+ Kg6
65.Re6+ Kh7 66.Rxc6 Rxb2 67.Kg4 Rb1 68.g6+  1-0

[Event "EY Boys U14 2012"]
[Site "Prague CZE"]
[Date "2012.08.22"]
[Round "6.28"]
[White "Maslov,Ivan"]
[Black "Erdogan,Anil Berk"]
[Result "1-0"]
[WhiteElo "1975"]
[BlackElo "1681"]

1.d4 e6 2.c4 Nf6 3.Nf3 b6 4.a3 Bb7 5.Nc3 Ne4 6.Qc2 Nxc3 7.Qxc3 d6 8.g3 Nd7
9.Bg2 Be7 10.O-O O-O 11.Ne1 Bxg2 12.Nxg2 c5 13.Be3 Bf6 14.Rfd1 Rc8 15.Rac1 d5
16.cxd5 exd5 17.Nf4 cxd4 18.Qxc8 Qxc8 19.Rxc8 Rxc8 20.Bxd4 Bxd4 21.Rxd4 Nf6
22.Nxd5 Nxd5 23.Rxd5 g6 24.Rd7 Rc2 25.b4 a5 26.bxa5 bxa5 27.Rd5 Rxe2 28.Rxa5 Ra2
29.Ra7 Kg7 30.Kg2 h5 31.h4 Ra1 32.Kf3 Ra2 33.a4 Kg8 34.a5 Ra4 35.a6 Kg7 36.Ke3 Kf6
37.Kd3 Ra2 38.Kd4 Rxf2 39.Rc7 Ra2 40.a7 Ra5 41.Kc4 Ra1 42.Kb5 Rb1+ 43.Kc6 Ra1
44.Kb7 Rb1+ 45.Kc8 Ra1 46.Kb8 Kf5 47.Rc4 Rb1+ 48.Kc7 Ra1 49.Kb6 Rb1+ 50.Ka5 Rd1
51.a8=Q Ra1+ 52.Ra4  1-0

[Event "11th Lichtenberger Sommer 2012"]
[Site "Berlin GER"]
[Date "2012.08.23"]
[Round "6.38"]
[White "Krefenstein,Sergej"]
[Black "Reiche,Andreas"]
[Result "1-0"]
[WhiteElo "2062"]
[BlackElo "1935"]

1.d4 Nf6 2.c4 e6 3.Nf3 b6 4.a3 Bb7 5.Nc3 d5 6.cxd5 exd5 7.Bf4 Bd6 8.Bg5 Nbd7
9.e3 c6 10.Bd3 O-O 11.Qc2 Qc7 12.Rc1 Rac8 13.Bf5 Rce8 14.Nb5 Qb8 15.Nxd6 Qxd6
16.O-O Ne4 17.Bf4 Qe7 18.h4 f6 19.Qa4 Nd6 20.Bxd6 Qxd6 21.Qxa7 Qb8 22.Qa4 Qd6
23.Qb3 Ba6 24.Rfe1 Rb8 25.Qc2 Bb7 26.Bxh7+ Kh8 27.Qf5 g5 28.Bg6 Bc8 29.Qg4 Kg7
30.Bf5 Qe7 31.Rxc6 Rh8 32.Rec1  1-0

[Event "e2e4 Hinckley Open 2012"]
[Site "Hinckley ENG"]
[Date "2012.08.25"]
[Round "3.2"]
[White "Arkell,K"]
[Black "Spence,D"]
[Result "1-0"]
[WhiteElo "2451"]
[BlackElo "2250"]

1.d4 e6 2.c4 Nf6 3.Nf3 b6 4.a3 Ba6 5.b3 c6 6.Nbd2 d5 7.Bb2 Bd6 8.e3 O-O 9.Be2 Ne4
10.cxd5 Bxe2 11.Qxe2 Nxd2 12.Kxd2 cxd5 13.Rhc1 a6 14.Ke1 Qd7 15.Rc2 Nc6 16.Rac1 Na5
17.Qd3 Qb5 18.Qxb5 axb5 19.Nd2 f5 20.g3 Kf7 21.Ke2 Ke7 22.h3 Kd7 23.g4 f4
24.exf4 Bxf4 25.Bc3 Bxd2 26.Bxd2 Nxb3 27.Rc7+ Ke8 28.Rc8+ Rxc8 29.Rxc8+ Kf7
30.Rc7+ Kf6 31.Be3 Ra8 32.g5+ Kg6 33.Re7 Ra4 34.Kd3 Rxa3 35.Rxe6+ Kf7 36.Rxb6 Na5+
37.Ke2 Ra2+ 38.Kf3 Rb2 39.h4 Nc4 40.Rb7+ Kg6 41.Bc1 Rb1 42.Bf4 b4 43.Kg4 h5+
44.gxh6 gxh6 45.h5+ Kf6 46.Bxh6 b3 47.Bg5+ Ke6 48.h6 Nd6 49.Rb6 Rg1+ 50.Kh5 Kf5
51.Bh4 b2 52.Rxb2 Ne8 53.Rb3 Rg8 54.Re3 Rh8 55.Re5+ Kf4 56.Kg6  1-0

[Event "12th ch-Euro Seniors"]
[Site "Kaunas LTU"]
[Date "2012.08.26"]
[Round "9.10"]
[White "Hecht,HJ"]
[Black "Kristiansen,E"]
[Result "1/2-1/2"]
[WhiteElo "2357"]
[BlackElo "2203"]

1.d4 Nf6 2.c4 e6 3.Nf3 b6 4.a3 Bb7 5.Nc3 Ne4 6.Qc2 f5 7.g3 Be7 8.Bg2 Nxc3
9.Qxc3 O-O 10.O-O Bf6 11.b3 c5 12.Bb2 Qc8 13.Qd2 Be4 14.Rfd1 Qb7 15.Ne1 Bxg2
16.Nxg2 Nc6 17.d5 Nd4 18.Bxd4  1/2-1/2

[Event "40th Olympiad Open"]
[Site "Istanbul TUR"]
[Date "2012.08.29"]
[Round "2.73"]
[White "Makoto,R"]
[Black "Ozenir,Ekin Baris"]
[Result "1-0"]
[WhiteElo "2254"]
[BlackElo "1542"]

1.Nf3 Nf6 2.c4 b6 3.d4 e6 4.a3 Bb7 5.Nc3 Ne4 6.Qc2 f5 7.d5 Nxc3 8.Qxc3 Qf6
9.Bd2 Qxc3 10.Bxc3 exd5 11.cxd5 Bxd5 12.O-O-O Be6 13.Nd4 Nc6 14.Nxe6 dxe6
15.e4 Ne7 16.exf5 exf5 17.Bc4 Rd8 18.Bf7+ Kxf7 19.Rxd8  1-0

[Event "40th Olympiad Open"]
[Site "Istanbul TUR"]
[Date "2012.08.30"]
[Round "3.11"]
[White "Barbosa,O PHI"]
[Black "Ismagambetov,An"]
[Result "1-0"]
[WhiteElo "2554"]
[BlackElo "2471"]

1.d4 Nf6 2.c4 e6 3.Nf3 b6 4.a3 c5 5.e3 g6 6.Nc3 Bg7 7.d5 exd5 8.cxd5 d6 9.Be2 O-O
10.Nd2 Ba6 11.O-O Re8 12.a4 Bxe2 13.Qxe2 Nbd7 14.e4 a6 15.Nc4 Ne5 16.Na3 Ned7
17.f3 Nh5 18.g4 Bd4+ 19.Kh1 Ng7 20.Bf4 Ne5 21.Qd2 h5 22.g5 h4 23.Be3 Bxc3
24.Qxc3 b5 25.axb5 axb5 26.b4 Ra4 27.Nc2 cxb4 28.Nxb4 Rxa1 29.Qxa1 Nc4 30.Bd4 Nh5
31.Qc1 Qd7 32.Kg1 Rxe4 33.fxe4 Qg4+ 34.Kf2 Nf4 35.Qc2 Na3 36.Qd1 Nh3+ 37.Ke3 Nc4+
38.Kd3 Nb2+ 39.Bxb2 Nf2+ 40.Rxf2 Qxd1+ 41.Rd2 Qb3+ 42.Bc3 Qc4+ 43.Kc2 Qxe4+
44.Kb2 Qe3 45.Kb3 Qxg5 46.Nc6 Qf4 47.Nd4 Qe4 48.Nxb5 Qb1+ 49.Bb2 Qe1 50.Bc3 Qg1
51.Nxd6 Qb6+ 52.Bb4 Qe3+ 53.Kc4 f5 54.Nb5 Qe4+ 55.Nd4 f4 56.d6 Qb7 57.Nb3 Qe4+
58.Kc3 Qe5+ 59.Kc2 Qe4+ 60.Kb2 Qxb4 61.d7  1-0

[Event "19th Graz Open 2012"]
[Site "Graz AUT"]
[Date "2012.08.31"]
[Round "7.12"]
[White "Drnovsek,N"]
[Black "Spindelboeck,G"]
[Result "1-0"]
[WhiteElo "2107"]
[BlackElo "2227"]

1.d4 Nf6 2.c4 e6 3.Nf3 b6 4.a3 Ba6 5.Qc2 Bb7 6.Nc3 c5 7.e4 cxd4 8.Nxd4 d6
9.Be2 Be7 10.O-O Nbd7 11.Be3 O-O 12.Rfd1 a6 13.f3 Rc8 14.b4 Qc7 15.Rac1 Rfe8
16.Bf2 Qb8 17.Qb3 Bd8 18.Bf1 Bc7 19.g3 Ne5 20.Rc2 Kh8 21.Be2 Qa8 22.a4 d5
23.exd5 exd5 24.c5 bxc5 25.bxc5 Rb8 26.Ncb5 axb5 27.axb5 Bc6 28.Ra2 Qb7 29.Qc3 Ra8
30.bxc6 Nxc6 31.Rb2 Ba5 32.Rxb7 Bxc3 33.Bb5 Bxd4 34.Bxd4 Re6 35.Bxf6 gxf6
36.Bxc6 Rxc6 37.Rxd5 Kg7 38.Rdd7 Rxc5 39.Rxf7+ Kg6 40.Rg7+ Kf5 41.Rb2 h5
42.Kg2 Rac8 43.g4+ Kf4 44.Rb4+ Rc4 45.Rxc4+ Rxc4 46.gxh5 Rc2+ 47.Kh3 Kxf3
48.h6 Rc8 49.h7 Rh8 50.Kh4 f5 51.Kg5 f4 52.Kh6 Kf2 53.Rg8 Rxh7+ 54.Kxh7 f3
55.h4 Ke2 56.Rf8 f2 57.h5 f1=Q 58.Rxf1  1-0

[Event "40th Olympiad Open"]
[Site "Istanbul TUR"]
[Date "2012.08.31"]
[Round "4.62"]
[White "Bae,Junggi"]
[Black "Arora,N"]
[Result "1/2-1/2"]
[WhiteElo "1730"]
[BlackElo "1861"]

1.d4 Nf6 2.c4 e6 3.Nf3 b6 4.a3 Bb7 5.Nc3 Be7 6.d5 O-O 7.e4 exd5 8.cxd5 d6
9.Bd3 Nbd7 10.O-O h6 11.b4 c5 12.dxc6 Bxc6 13.Nd4 Rc8 14.f4 Bb7 15.Bb2 Rxc3
16.Bxc3 Nxe4 17.Bxe4 Bxe4 18.Re1 Nf6 19.Rc1 Qd7 20.Nb3 Bb7 21.Qe2 Nd5 22.Qf2 Nxc3
23.Rxc3 Bf6 24.Nd4 Qg4 25.Rg3 Qh5 26.Nf3 Qd5 27.Kh1 Qc4 28.Qe3 Rc8 29.Qe2 Qxe2
30.Rxe2 Bxf3 31.gxf3 d5 32.Rg1 Rc3 33.Ra2 Rxf3 34.Rc1 d4 35.Rc8+ Kh7 36.Rc7 a5
37.bxa5 bxa5 38.Rxf7 Rxf4 39.Ra7 Rf5 40.Kg2 Kg6 41.Rd2 Kg5 42.Rd3 Rc5 43.Kf3 Kf5
44.Ra8 Ke5 45.Re8+ Kd5 46.h3 Kc4 47.Ke4 Kb5 48.Rb8+  1/2-1/2

[Event "40th Olympiad Open"]
[Site "Istanbul TUR"]
[Date "2012.09.01"]
[Round "5.45"]
[White "Khader,Sam"]
[Black "Al Zendani,Z"]
[Result "1-0"]
[WhiteElo "2392"]
[BlackElo "2363"]

1.d4 Nf6 2.c4 e6 3.Nf3 b6 4.a3 Bb7 5.Nc3 d5 6.cxd5 Nxd5 7.e3 Be7 8.Bb5+ c6
9.Bd3 O-O 10.O-O c5 11.e4 Nc7 12.dxc5 bxc5 13.Bf4 Ba6 14.Bxa6 Ncxa6 15.Qe2 Qb6
16.Ne5 Rd8 17.Qh5 Rf8 18.Rab1 Qb7 19.Rfd1 Bf6 20.Ng4 Bxc3 21.bxc3 Qxe4 22.Bd6 Rc8
23.Ne5 g6 24.Qh6 Nc6 25.Nxf7 Kxf7 26.Rb7+ Kf6 27.f3 Qa4  1-0

[Event "40th Olympiad Open"]
[Site "Istanbul TUR"]
[Date "2012.09.01"]
[Round "5.46"]
[White "Abdulla,AlR"]
[Black "Ali,L"]
[Result "1-0"]
[WhiteElo "2514"]
[BlackElo "2360"]

1.d4 Nf6 2.c4 e6 3.Nf3 b6 4.a3 Bb7 5.Nc3 d5 6.Qa4+ Qd7 7.Qxd7+ Nbxd7 8.Nb5 Bd6
9.cxd5 Bxd5 10.Nd2 e5 11.b4 O-O 12.Bb2 Rfc8 13.f3 e4 14.Nc3 e3 15.Nde4 Be7
16.Nxd5 Nxd5 17.g3 f5 18.Bh3 g6 19.O-O Rd8 20.Rac1 Nf8 21.Nc3 Ne6 22.Nxd5 Rxd5
23.f4 Rxd4 24.Bxd4 Nxd4 25.Rxc7 Bf6 26.Re1 Nb5 27.Rc6 Bb2 28.a4 Nc3 29.a5 Rd8
30.Rc7 bxa5 31.bxa5 Rd2 32.Bf1 a6 33.Rc6 Nd1 34.Kg2 Rd5 35.Kf3 Ba3 36.Rc4 Kf7
37.Bg2 h6 38.h3 g5 39.g4 fxg4+ 40.Kxg4 Nf2+ 41.Kf3 Nd1 42.Ke4 Rd7 43.fxg5 hxg5
44.Rf1+ Kg7 45.Rf5 Re7+ 46.Re5 Nf2+ 47.Kd5 Rd7+ 48.Kc6 Rd6+ 49.Kb7 Nd1 50.Rxg5+ Kf6
51.Rgc5  1-0

[Event "World Youth U16 Olympiad 2012"]
[Site "Istanbul TUR"]
[Date "2012.09.01"]
[Round "6.7"]
[White "Mousavi,Se"]
[Black "Torosyan,N"]
[Result "1-0"]
[WhiteElo "2224"]
[BlackElo "2188"]

1.d4 Nf6 2.c4 e6 3.Nf3 b6 4.a3 Ba6 5.Nbd2 c5 6.e4 d5 7.cxd5 Bxf1 8.Nxf1 exd5
9.e5 Ne4 10.Ne3 Nc6 11.O-O Qd7 12.dxc5 d4 13.Nc2 d3 14.Nb4 Rd8 15.e6 fxe6
16.Nxc6 Qxc6 17.Ne5 Qb7 18.Qg4 Nxc5 19.b4 Qe4 20.Bf4 h5 21.Qg6+ Qxg6 22.Nxg6 Nb3
23.Nxh8 Nxa1 24.Rxa1 g5 25.Be5 Rd5 26.Ng6 d2 27.Rd1 Kf7 28.Nh8+ Kg8 29.Bb2 Bd6
30.f4 Bxf4 31.Ng6 Bd6 32.Be5 Kf7 33.Bxd6 Kxg6 34.Bb8 a5 35.bxa5 bxa5 36.Kf2 Rd3
37.a4 Rd4 38.Bc7 Rxa4 39.Rxd2 Ra3 40.Bd6 Ra1 41.Re2 Kf5 42.Be5 Ra3 43.Bb2 Ra2
44.Kf3 a4 45.Ke3 a3 46.Rf2+  1-0

[Event "5th Sabadell Open A"]
[Site "Sabadell ESP"]
[Date "2012.09.02"]
[Round "4"]
[White "Gallego Alcaraz,A"]
[Black "Capellades Subirana,M"]
[Result "1-0"]
[WhiteElo "2377"]
[BlackElo "2237"]

1.d4 Nf6 2.c4 e6 3.Nf3 b6 4.a3 Bb7 5.Nc3 c5 6.d5 d6 7.e4 e5 8.g3 Bc8 9.h3 Bd7
10.Be3 Na6 11.Nd2 g6 12.f4 Nh5 13.Qf3 exf4 14.gxf4 Qh4+ 15.Qf2 Qxf2+ 16.Kxf2 Bg7
17.Be2 Bxc3 18.bxc3 Ng7 19.a4 f6 20.a5 Ke7 21.h4 Nc7 22.Rhb1 Rhb8 23.e5 f5
24.axb6 axb6 25.Rxa8 Nxa8 26.h5 Nc7 27.e6 Ba4 28.Rg1 Kf6 29.h6 Nge8 30.Nf3 Ke7
31.Ng5 Nf6 32.Kf3 b5 33.Nxh7 Nxh7 34.Rxg6 Ne8 35.Rg8 Nhf6 36.Bf2 Kd8 37.Bh4 Kc7
38.Bxf6 Nxf6 39.Rxb8 Kxb8 40.cxb5 Kc7 41.c4 Bc2 42.Kg3 Nh5+  1-0

[Event "FSIM Sept 2012"]
[Site "Budapest HUN"]
[Date "2012.09.03"]
[Round "3.5"]
[White "Szeberenyi,A"]
[Black "Wunnink,M"]
[Result "1-0"]
[WhiteElo "2354"]
[BlackElo "2265"]

1.d4 Nf6 2.c4 e6 3.Nf3 b6 4.a3 Bb7 5.Nc3 d5 6.Bg5 dxc4 7.e3 Be7 8.Bxc4 O-O
9.O-O Nbd7 10.Qe2 h6 11.Bh4 c5 12.dxc5 Nxc5 13.Rfd1 Qe8 14.Bb5 Qc8 15.Rac1 a6
16.Bc4 Qe8 17.Ne5 Nfd7 18.Nxd7 Nxd7 19.Bg3 Nf6 20.Nb5 Qc6 21.Bd5 Qxb5 22.Qxb5 axb5
23.Bxb7 Ra7 24.Bc6 b4 25.a4 Bc5 26.h3 Rc8 27.Bb5 Raa8 28.Kf1 Ne4 29.Be5 Kf8
30.Bd7 Rd8 31.Bc6 f6 32.Bxe4 fxe5 33.Bxa8 Rxa8 34.b3 Rc8 35.Rc2 Ke7 36.Ke2 Rc7
37.Kf3 Ra7 38.Ke4 Kf6 39.g4 Rc7 40.a5  1-0

[Event "11th Istanbul Open A"]
[Site "Istanbul TUR"]
[Date "2012.09.03"]
[Round "4"]
[White "Soylemez,C"]
[Black "Marasli,T"]
[Result "0-1"]
[WhiteElo "1946"]
[BlackElo "2179"]

1.d4 Nf6 2.c4 e6 3.Nf3 b6 4.a3 Bb7 5.Nc3 d5 6.Bg5 Be7 7.e3 O-O 8.cxd5 Nxd5
9.Bxe7 Qxe7 10.Bd3 Nd7 11.O-O c5 12.Rc1 Nxc3 13.Rxc3 e5 14.dxe5 Nxe5 15.Nxe5 Qxe5
16.Qe2 Rad8 17.Bb1 Rd6 18.f4 Qe7 19.e4 Rfd8 20.Rg3 Rg6 21.Rxg6 hxg6 22.e5 Qd7
23.f5 Qd4+ 24.Kh1 Qd2 25.Qg4 Rd4 26.Qh3 Qe2 27.Rg1 Rd1 28.Qg3 Qf1  0-1

[Event "40th Olympiad Open"]
[Site "Istanbul TUR"]
[Date "2012.09.04"]
[Round "7.43"]
[White "Mansour,Sam"]
[Black "Steadman,M"]
[Result "1-0"]
[WhiteElo "2244"]
[BlackElo "2237"]

1.Nf3 Nf6 2.d4 e6 3.c4 b6 4.a3 Bb7 5.Bg5 Be7 6.Nc3 O-O 7.Qc2 c5 8.dxc5 bxc5
9.e3 h6 10.Bh4 Qb6 11.Bd3 d6 12.O-O Nbd7 13.Rab1 Rac8 14.Qe2 Qc6 15.e4 Rfe8
16.Bc2 Nb6 17.Rfd1 Rcd8 18.a4 a5 19.b3 Nbd7 20.Nd2 Nf8 21.Nf1 d5 22.Bxf6 Bxf6
23.e5 Bg5 24.Ng3 Ng6 25.Bxg6 fxg6 26.f3 h5 27.Nb5 h4 28.Nf1 Rf8 29.h3 Bf4
30.Nh2 g5 31.Ng4 Bc8 32.Qc2 Rf5 33.Nd6 Rxd6 34.exd6 Qxd6 35.cxd5 exd5 36.Re1 Rf8
37.Rbd1 Bf5 38.Qc3 d4 39.Qc4+ Kh7 40.Nf2 Rc8 41.Ne4 Qb6 42.Qd5 Kg6 43.Nd2 Rd8
44.Qc4 Be3+ 45.Kh1 Qc7 46.Ne4 Rc8 47.Rxe3 dxe3 48.Rd6+ Kh5 49.g4+  1-0